000 00566nam a22001937a 4500
999 _c20355
_d20355
003 BDDh-ASL
005 20231015025858.0
008 201230s1998 b ||||| |||| 00| 0 eng d
040 _cBDDh-ASL
082 _a297.0925
_bDEB
100 1 _92657
_aDe, Dhurjati Prasad
245 1 0 _aBengali Muslims in Search of Social Identity 1905-47 /
260 _aDhaka:
_bUPL,
_c1998.
300 _a276 p.:
_c22 cm.
504 _aInclude Bibliographical References and Index
650 0 _92658
_aSocial Identity
650 0 _91652
_aIslam
_xBengali Muslim
942 _2ddc
_cBK